000 01197nam a2200349 a 4500
001 vtls000000975
003 NLI
005 20210601180050.0
008 101124s1982 ii l f000 0 eng
020 _cRs. 1.30
039 9 _y201011242359
_zVLOAD
040 _aNLI
_cVTLS
041 0 _aeng
044 _aii
082 0 4 _a328.54
110 1 _aIndia.
_bParliament .
_bLok Sabha
_n(7th :
_d1980-1984)
_98026
245 1 0 _aCommittees and other bodies on which Lok Sabha is represented wholly or partially, July 1982 /
_c7th Lok Sabha, Govt. of India.
260 _aNew Delhi :
_bLok Sabha Secretariat ,
_c1982
300 _aiii, 26 p.;
_c25 cm.
650 0 _aLegislative bodies
_zIndia
650 0 _aLegislative councils
_zIndia
650 0 _aConstitutional law
_zIndia
650 0 _aLegislative power
_96380
887 _a kajol
901 _aIOD101552
_b16.05.1983
902 _aGP328.54[1] In2cob 1982
905 _akajol
906 _aIOD1130
_z1
949 _AVIRTUAITEM
_D10003
_F1
_X100
_6IOD000101552ENG
_aGP328.54[1] In2cob1982
942 _2ddc
_cBKS
999 _aVIRTUA
_c5000
_d5000
999 _aVTLSSORT0080*0200*0400*0410*0440*0820*1100*2450*2600*3000*6500*6501*6502*6503*9010*9020*9050*9060*9490*9991